000 00506cab a22001815a 4500
001 ##L133192
008 060419e20051021xxk F 000 0 eng d
035 _a(Sirsi) u133192
041 0 _aeng
100 1 _aBurns, Joe
245 0 0 _aDatafile
_blandscaping
260 _c2006
490 0 _aBuilding
_v270(8403) 21 October 2005, 64-68(5)
520 _aPresents comparative prices for hard surfaces and planting.
651 4 _aUnited Kingdom
_y
690 _aBUILT ENVIRONMENT-BUILDING COSTS
942 _n0
999 _c76851
_d76851